| 000 | 00587nam a22001577a 4500 | ||
|---|---|---|---|
| 003 | macl | ||
| 005 | 20190226131918.0 | ||
| 008 | 190226b xxu||||| |||| 00| 0 eng d | ||
| 040 | _cmacl | ||
| 082 | _a150 | ||
| 100 |
_aडाॅ ब्रायन वीज _973759 |
||
| 245 |
_aदिव्यात्माओं के संदेश _bप्रेम की शक्ति का अहसास जगाने वाली शिक्षाऍं |
||
| 260 |
_aBhopal _bindra pub.house _c2012 |
||
| 650 |
_aमनोविज्ञान _973760 |
||
| 942 |
_2ddc _cHIN |
||
| 999 |
_c58966 _d58966 |
||